| 000 | 00547nam a2200157 a 4500 | ||
|---|---|---|---|
| 005 | 20140412111259.0 | ||
| 008 | 010131s19uu xx 00 eng d | ||
| 020 | _a971-08-3066-X | ||
| 050 |
_aFil E _bPi64 1986 |
||
| 100 | _aDimalantan, Wynstan A. | ||
| 245 |
_aThe Adventures of Pilandok / _cWynstan A. Dimalanta; illustrated by Juanito Y. Sy. |
||
| 260 |
_aManila,Philippines : _bNational Bookstore, _cc1986. |
||
| 300 | _a32 p. | ||
| 650 |
_aFolklore _xPhilippines; Adventure and adventures _xFiction I. Sy, Juanito Y., ill. |
||
| 999 |
_c103298 _d103298 |
||